| 000 | 00384nam a2200145 i 4500 | ||
|---|---|---|---|
| 001 | 90809 | ||
| 003 | ES-MaACL | ||
| 007 | t| | ||
| 008 | 050125s1931 fr ||||1| fre d | ||
| 100 | 1 |
_aLecomte, Georges. _971103 |
|
| 245 | 1 | 4 |
_aLes forces d'amour _b: roman / _cGeorges Lecomte. |
| 260 |
_aParĂs : _bFlammarion, _c1931. |
||
| 300 |
_a282 p. ; _c19 cm. |
||
| 852 |
_aES-MaACL _jB-90863 |
||
| 999 |
_c90809 _d90809 |
||